Selected works of Govind Ballabh Pant (Record no. 9788)
[ view plain ]
| 000 -LEADER | |
|---|---|
| fixed length control field | 00463nam a2200157Ia 4500 |
| 020 ## - INTERNATIONAL STANDARD BOOK NUMBER | |
| ISBN | 195634632 |
| 082 ## - DEWEY DECIMAL CLASSIFICATION NUMBER | |
| Classification number | RR 923.524 SEL- |
| 245 #0 - TITLE STATEMENT | |
| Title | Selected works of Govind Ballabh Pant |
| 260 ## - PUBLICATION, DISTRIBUTION, ETC. (IMPRINT) | |
| Place of publication | New Delhi |
| Name of publisher | Oxford University Press |
| Year of publication | 1994 |
| 300 ## - PHYSICAL DESCRIPTION | |
| Number of Pages | xxxi, 464 |
| 500 ## - GENERAL NOTE | |
| General note | Contents : Vol.2, 1994(D1456), Vol.10-18, 1998-2002 (D1464-72) |
| 650 ## - SUBJECT ADDED ENTRY--TOPICAL TERM | |
| Topical Term | Pant, Govind Ballabh |
| 650 ## - SUBJECT ADDED ENTRY--TOPICAL TERM | |
| Topical Term | India |
| Form subdivision | Politics and Government |
| 700 ## - ADDED ENTRY--PERSONAL NAME | |
| Personal name | Nanda, B.R. |
| 942 ## - ADDED ENTRY ELEMENTS (KOHA) | |
| Koha item type | Books |
| Source of classification or shelving scheme | Dewey Decimal Classification |
| Withdrawn status | Lost status | Damaged status | Not for loan | Collection code | Home library | Current library | Date acquired | Bill Date | Full call number | Accession Number | Price effective from | Koha item type | Serial Enumeration / chronology |
|---|---|---|---|---|---|---|---|---|---|---|---|---|---|
| Docas Books | NASSDOC Library | NASSDOC Library | 08/09/2016 | 2004-10-22 | RR 923.524 SEL- | D001456 | 18/04/2019 | Books | |||||
| Docas Books | NASSDOC Library | NASSDOC Library | 08/09/2016 | 2004-10-22 | RR 923.524 SEL- | D001464 | 18/04/2019 | Books | V.10 | ||||
| Docas Books | NASSDOC Library | NASSDOC Library | 08/09/2016 | 2004-10-22 | RR 923.524 SEL- | D001465 | 18/04/2019 | Books | V.11 | ||||
| Docas Books | NASSDOC Library | NASSDOC Library | 08/09/2016 | 2004-10-22 | RR 923.524 SEL- | D001466 | 18/04/2019 | Books | V.12 | ||||
| Docas Books | NASSDOC Library | NASSDOC Library | 08/09/2016 | 2004-10-22 | RR 923.524 SEL- | D001467 | 18/04/2019 | Books | V.13 | ||||
| Docas Books | NASSDOC Library | NASSDOC Library | 08/09/2016 | 2004-10-22 | RR 923.524 SEL- | D001468 | 18/04/2019 | Books | V.14 | ||||
| Docas Books | NASSDOC Library | NASSDOC Library | 08/09/2016 | 2004-10-22 | RR 923.524 SEL- | D001469 | 18/04/2019 | Books | V.15 | ||||
| Docas Books | NASSDOC Library | NASSDOC Library | 08/09/2016 | 2004-10-22 | RR 923.524 SEL- | D001470 | 18/04/2019 | Books | V.16 | ||||
| Docas Books | NASSDOC Library | NASSDOC Library | 08/09/2016 | 2004-10-22 | RR 923.524 SEL- | D001471 | 18/04/2019 | Books | V.17 | ||||
| Docas Books | NASSDOC Library | NASSDOC Library | 30/12/2014 | 2004-10-22 | RR 923.524 SEL- | D001472 | 18/04/2019 | Books | V.18 |
